Animal Alphabet Picture 31 - Statistics

General Stats
  • This quiz has been taken 25 times
  • The average score is 24 of 26
Answer Stats
Picture Hint Answer % Correct
A Alligator
100%
E Elephant
100%
F Fox
100%
G Goat
100%
K Koala
100%
R Raccoon
100%
U Unicorn
100%
W Wolf
100%
Z Zebra
100%
B Beaver
94%
C Camel
94%
D Donkey
94%
H Hyena
94%
J Jaguar
94%
L Lemur
94%
O Otter
94%
P Penguin
94%
S Seal
94%
T Tiger
94%
V Viper
94%
I Iguana
89%
Y Yak
89%
N Narwhal
78%
M Macaw
67%
Q Quetzal
50%
X X-Ray Fish
39%
No matching quizzes found
Score Distribution
Percent of People with Each Score
Percentile by Number Answered
Your Score History
You have not taken this quiz